00433nam a2200133Ia 4500008004100000020001400041090001200055245003500067260001800102260001200120300005700132999001700189952009300206191206s9999 xx 000 0 und d a812813383 aDE7.R33 0aWho's who in the ancient world aStein and Day cc[1971] a"xlvi, 225 p. illus., maps (on lining papers) 27 cm" c17289d17289 00102lcc4070aByobByod2019-12-06l0oDE7.R33pBBK001961r2019-12-06w2019-12-06yOS